000
00203 a2200097 4500
001
46682
100
_a
Stern C
245
_a
US subs in action
260
_a
_b
Squadron signal
_c
090
_c
29781
_d
29781
942
_a
NUST-CAE
_c
M
_c
21981
999
_c
281755
_d
281755